000 00667nam a2200217Ia 4500
005 20251103113326.0
008 210716s2005 xx 000 0 und d
020 _a813120216X
040 _cAIMIT LIBRARY
041 _aeng
082 _a005.8
_21
_bHARJ
100 _aHarrington, Jan L.
_9243489
245 _aNetwork security :
_ba practical approach /
_cBy Jain L Harrington.
250 _a1st ed.
260 _aNew Delhi :
_bMorgan Kaufmann ,
_c2005.
300 _axv,365p. ;
_bPB
_c24.3 cm
650 _aPhysical security
_9243490
650 _aDenial of service attacks
_9243491
650 _aWireless security
_9243492
942 _2ddc
_cBK
_e1st
_k005.8 HARJ
999 _c187546
_d187546